000 01741cam a22003974i 4500
003 PE-LiUPU
005 20250731183359.0
008 150623s r 000 0 d
020 _a0750912383
035 _a(Sirsi) i9780750912389
040 _aPE-LiUPU
_bspa
_cPE-LiUPU
_erda
049 _aPRUA
082 0 4 _a709.5695
_bT784
_223
245 0 0 _aTreasures from an ancient land :
_bthe art of Jordan /
_ceditado por Piotr Bienkowski; prólogo de Su Majestad la Reina Noor al-Hussein de Jordania.
264 1 _aPhoenix Mill, Gloucestershire :
_bAlan Sutton Publishing,
_c1996.
300 _a176 páginas :
_bilustraciones, láminas a color ;
_c25 centímetros.
336 _atext
_2rdacontent
337 _aunmediated
_2rdamedia
338 _avolume
_2rdacarrier
504 _aBibliografía al final de cada capítulo.
505 0 _aJordan: crossroads of the near east. -Sculpture in ancient Jordan. -A history of Pottery-making. -Art and technology. -The mosaics of Jordan. -Writing in Jordan: from cuneiform to Arabic. -Traditional costume in Jordanian culture. -Folk jewellery in Jordan. -Photographic Acknowledgements.
526 _aP158
526 _aP146
526 _aP17
526 _aP12
526 _aP06
650 0 0 _aArte islámico
_zJordania
_vExhibiciones.
_92346
650 0 0 _aArte
_zJordania
_vExhibiciones.
_92347
650 0 0 _aArte Árabe
_zJordania
_vExposiciones.
_92345
700 1 _aBienkowski, Piotr,
_eeditor
710 2 _aLiverpool Museum (Liverpool, England)
942 _2ddc
_cBK
_n0
949 _a709.5695 T784
_wDEWEY
_c1
_i44661
_lCCODEBUL1
_mBUL
_r0
_sY
_tBOOK
_u2015-6-24
_xTEOLOGIA
_0COMPRA
_o.STAFF. Colección General
980 _81
_gALBERTO SANCHEZ Responsable de Automatización
999 _c21520
_d21520